| 000 | 01661nam a22003977a 4500 | ||
|---|---|---|---|
| 003 | OSt | ||
| 005 | 20170518095938.0 | ||
| 008 | 060222s2006 njua bd 000 0 eng | ||
| 010 | _a 2006041021 | ||
| 015 |
_aGBA638661 _2bnb |
||
| 016 | 7 |
_a013442605 _2Uk |
|
| 020 | _a0471782637 | ||
| 020 | _a9780471782636 | ||
| 020 | _a9780471782636 | ||
| 035 | _a(OCoLC)ocm64442941 | ||
| 035 | _a(OCoLC)64442941 | ||
| 040 |
_ammu _cmmu _dBAKER _dUKM _dC#P _dYDXCP _dOCLCQ _dBTCTA _dDLC |
||
| 042 | _apcc | ||
| 050 | 0 | 0 |
_aQA76.9.A25 _bM583 2006 |
| 082 | 0 | 0 |
_a005.8003 _222 |
| 100 | 1 |
_aMinoli, Daniel, _d1952- |
|
| 245 | 1 | 0 |
_aMinoli-Cordovana's authoritative computer & network security dictionary / _cby Daniel Minoli, James Cordovana. |
| 246 | 3 | _aMinoli-Cordovana's authoritative computer and network security dictionary | |
| 246 | 3 | 0 | _aAuthoritative computer & network security dictionary |
| 260 |
_aHoboken, N.J. : _bWiley-Interscience, _cc2006. |
||
| 300 |
_axii, 443 p. : _bill. ; _c26 cm. |
||
| 504 | _aIncludes bibliographical references (p. 425-443). | ||
| 650 | 0 |
_aComputer security _vDictionaries. |
|
| 650 | 0 |
_aComputer networks _xSecurity measures _vDictionaries. |
|
| 700 | 1 |
_aCordovana, James, _d1973- |
|
| 856 | 4 | 2 |
_3Contributor biographical information _uhttp://www.loc.gov/catdir/enhancements/fy0741/2006041021-b.html |
| 856 | 4 | 2 |
_3Publisher description _uhttp://www.loc.gov/catdir/enhancements/fy0741/2006041021-d.html |
| 906 |
_a7 _bcbc _corignew _d1 _eocip _f20 _gy-gencatlg |
||
| 942 |
_2lcc _cLOAN LOAN |
||
| 999 |
_c16325 _d16325 |
||